| 000 | 00516nam a22001577a 4500 | ||
|---|---|---|---|
| 005 | 20131217110600.0 | ||
| 008 | 131217b xxu||||| |||| 00| 0 eng d | ||
| 050 |
_aBT613. _bN337 2010 |
||
| 100 |
_aNcube, Raphael Mabuza _95813 |
||
| 245 |
_aMary mother and hope of Africa _bencouranging Marian devotion in Africa _cNcube, Raphael Mabuza |
||
| 260 |
_aPlumtree _bILIzwi _c2010 |
||
| 300 |
_a260p. ; _c24cm. |
||
| 600 |
_aMary, Blessed Virgin _95814 |
||
| 700 |
_aNcube, Raphael Mabuza _95815 |
||
| 942 |
_2lcc _cMONOGRAPH |
||
| 999 |
_c119298 _d119298 |
||